000 00703nam a2200277Ia 4500
005 20250425161826.0
008 250425s9999 xx 000 0 und d
020 _a9688806900
041 _aspa
043 _amx
082 _a005.74
100 _aCARLBERG, CONRAD
245 0 _aADMINISTRACION DE DATOS CON EXCEL
250 _a1A ED.
260 _aMéxico
_bPRENTICE HALL HISPANOAMERICANA
_c1996
260 _aS.L.
300 _a476
500 _aTítulo Traducido: MANAGIN DATA WITCH EXCEL
650 _aADMINISTRACION
650 _aDATOS-PROCEDIMIENTOS
650 _aEXCEL
700 _aLUIS J. DIAZ MENA
_etraductor
710 _aPRENTICE HALL
942 _c01
010 _a31242
999 _c216896
_d216896